00414nam a2200157Ia 4500001000500000005001700005008004100022041000800063082001500071100003100086245008600117260000900203300002800212650000800240654000800248349420260306145647.0260306t2013||||xx |||||||||||||| ||spa|| aESP a280.4bB91 aBullón, Fernando H.eAUT 0aEl pensamiento social protestante y el debate latinoamericano sobre el desarrollo c2013 a337 páginas :c23 cm. aGEN aCHU